Từ điển từ láy tiếng Việt

Αποθηκεύτηκε σε:
Λεπτομέρειες βιβλιογραφικής εγγραφής
Κύριος συγγραφέας: Viện ngôn ngữ học Việt Nam
Μορφή: Βιβλίο
Γλώσσα:Undetermined
Έκδοση: Hà Nội KHXH 1998
Θέματα:
Ετικέτες: Προσθήκη ετικέτας
Δεν υπάρχουν, Καταχωρήστε ετικέτα πρώτοι!
Thư viện lưu trữ: Trung tâm Học liệu Trường Đại học Cần Thơ
LEADER 00535nam a2200169Ia 4500
001 CTU_22801
008 210402s9999 xx 000 0 und d
082 |a 495.9223 
082 |b V305 
100 |a Viện ngôn ngữ học Việt Nam 
245 0 |a Từ điển từ láy tiếng Việt 
245 0 |c Viện ngôn ngữ học Việt Nam 
260 |a Hà Nội 
260 |b KHXH 
260 |c 1998 
650 |a vietnamese language - dictionaries 
980 |a Trung tâm Học liệu Trường Đại học Cần Thơ